Statistics for All Micro states of the world (Kinda hard)

Click here to take the quiz!

General Stats

  • This quiz has been taken 5 times
  • The average score is 9 of 18

Answer Stats

HintAnswer% Correct
EuropeSan Marino
100%
EuropeAndorra
80%
EuropeLiechtenstein
80%
EuropeMonaco
80%
EuropeMonaco
80%
OseaniaNauru
80%
AfricaDjibouti
60%
OseaniaFiji
60%
OseaniaKiribati
60%
OseaniaTuvalu
60%
South AmericaGuyana
40%
OseaniaVanuatu
40%
OseaniaComoros
20%
AfricaEquatorial Guinea
20%
OseaniaPaulu
20%
North AmericaBahamas
0%
EuropeIceland
0%
AfricaWestern Sahara
0%

Score Distribution

Percentile by Number Answered

Percent of People with Each Score

Your Score History

You have not taken this quiz